Osobnosti Lidových novin
| Titel: | Osobnosti Lidových novin : životní příběhy lidí, kteří vytvářeli nejstarší český deník (1893 - 1989) / Petr Zídek ... |
|---|---|
| Beteiligt: | |
| Ausgabe: | 1. vyd. |
| Veröffentlicht: | Praha : Knižní klub, 2014 |
| Umfang: | 367 S. : Ill. |
| Format: | Buch |
| Sprache: | Tschechisch |
| Schriftenreihe/ mehrbändiges Werk: |
Universum |
| ISBN: | 9788024245072 |
| Hinweise zum Inhalt: |
Inhaltsverzeichnis
|
alg: 34124592 001A $03004:18-06-14 001B $06055:06-03-26 $t21:34:04.000 001C $03004:15-09-14 $t16:31:06.000 001D $03004:15-09-14 001U $0utf8 001X $00 002@ $0Aau 003@ $0341245925 004A $A978-80-242-4507-2 007A $0341245925 $aHEB 007G $0DE020C02C5E07FA790110C1257D5E0046AFE9 009P $qapplication/pdf $A2 $3Inhaltsverzeichnis $uhttp://scans.hebis.de/HEBCGI/show.pl?34124592_toc.pdf $mV:DE-603;B:DE-Mb50 010@ $acze 011@ $a2014 013D $RBiograf $RLebenslauf $RBiografik $#Biography $#Biography as a literary form $#Biographies $#Biografie $#Biografía $#biographies $#Biographie $#Biographie $#Biographie $#Biographisches Nachschlagewerk $#Lebensbeschreibung $#Berühmte Persönlichkeit Biografie $#Biografisches Nachschlagewerk $D20251120 $Ecgmnf $74006804-3 $8Biografie [Tsz] $9085010375 013H $0z 021A $aOsobnosti Lidových novin $dživotní příběhy lidí, kteří vytvářeli nejstarší český deník (1893 - 1989) $hPetr Zídek ... 028C $7138651671 $8Zídek, Petr$Z1971- [Tp3] $9213849003 032@ $a1. vyd. 033A $pPraha $nKnižní klub 034D $a367 S. 034M $aIll. 036G $aUniversum 044K $D20251120 $Ecgmnf $74437734-4 $8$aLidové noviny$gZeitung, Brünn [Tu1] $9088754863 044K $RArbeitnehmer $RBelegschaft $RMitarbeiterin $#Employees $#Personnel $#Mitarbeiter $#Personal $#Personal $#Personal $D20251120 $Ecgmnf $74120744-0 $8Mitarbeiter [Ts1] $9085387053 045F $a070.9 $eDDC23BSB 045F/01 $a070.9 045F/03 $g4371 045F/03 $g437 lok: 34124592 24 101B $015-09-14 $t16:32:32.000 101C $015-09-14 101U $0utf8 145Z/01 $a23 15 J 145Z/02 $a22 15 J exp: 34124592 24 1 #EPN 201B/01 $015-09-14 $t16:32:32.000 201C/01 $018-06-14 201U/01 $0utf8 203@/01 $0733132081 208@/01 $a15-09-14 $bz 209A/01 $a14.06826 $du $f050 $h14 06826 $x00 209C/01 $a14.06826 K $h14 06826 K 209G/01 $a73053943 $x00 220C/01 $akon 247C/01 $8358050-7Marburg, Bibliothek des Herder-Instituts Marburg $9102600961
| LEADER | 00000cam a2200000 c 4500 | ||
|---|---|---|---|
| 001 | 341245925 | ||
| 003 | DE-603 | ||
| 005 | 20260306213404.0 | ||
| 007 | tu | ||
| 008 | 140618s2014 xx |||| | u00||u|cze c | ||
| 020 | |a 9788024245072 | ||
| 035 | |a (DE-599)HEB341245925 | ||
| 040 | |a DE-603 |b ger |c DE-603 |d DE-603 | ||
| 041 | |a cze | ||
| 082 | 0 | 4 | |8 1\u |a 070.9 |q DE-101 |2 23/BSB |
| 085 | |8 1\u |b 070.9 | ||
| 085 | |8 1\u |z 2 |s 4371 | ||
| 085 | |8 1\u |z 2 |s 437 | ||
| 245 | 0 | 0 | |a Osobnosti Lidových novin |b životní příběhy lidí, kteří vytvářeli nejstarší český deník (1893 - 1989) |c Petr Zídek ... |
| 250 | |a 1. vyd. | ||
| 264 | 1 | |a Praha |b Knižní klub |c 2014 | |
| 300 | |a 367 S. |b Ill. | ||
| 490 | 0 | |a Universum | |
| 630 | 0 | 7 | |a Lidové noviny |g Zeitung, Brünn |0 (DE-588)4437734-4 |0 (DE-603)088754863 |2 gnd |
| 650 | 7 | |a Mitarbeiter |0 (DE-588)4120744-0 |0 (DE-603)085387053 |2 gnd | |
| 655 | 7 | |a Biografie |2 gnd-content |0 (DE-588)4006804-3 |0 (DE-603)085010375 | |
| 700 | 1 | |a Zídek, Petr |d 1971- |0 (DE-603)213849003 |0 (DE-588)138651671 |2 gnd | |
| 856 | 4 | 2 | |m V:DE-603;B:DE-Mb50 |q application/pdf |u http://scans.hebis.de/HEBCGI/show.pl?34124592_toc.pdf |3 Inhaltsverzeichnis |
| 924 | 0 | |9 Mb 50 |a (DE-603)733132081 |b DE-Mb50 |c HES |d c |g 14.06826 | |


